000 00208 a2200097 4500
001 9363
100 _aStewart, D
245 _aNew babylon, a portrait of Iraq
260 _a
_bCollins
_c
090 _c7524
_d7524
942 _aNUST-CAE
_cM
_c34183
999 _c244436
_d244436